| Tag |
First Indicator |
Second Indicator |
Subfields |
| LEADER |
00000cam a2200000La 4500 |
| 001 |
in00001746310 |
| 005 |
20220105110129.0 |
| 006 |
m u |
| 007 |
cr cn--------- |
| 008 |
010404s1999 ctu sb 001 0 eng d |
| 020 |
|
|
|a 0585363293 (electronic bk.)
|
| 035 |
|
|
|a (OCoLC)ocm47008203
|
| 040 |
|
|
|a N$T
|c N$T
|d OCL
|d OCLCQ
|d UtOrBLW
|
| 049 |
|
|
|a IICA
|
| 050 |
1 |
4 |
|a HM131
|b .F736 1999eb
|
| 082 |
0 |
4 |
|a 306/.09/04
|2 21
|
| 100 |
1 |
|
|a Friedman, Lawrence M.
|q (Lawrence Meir),
|d 1930-
|0 http://id.loc.gov/authorities/names/n80032045
|
| 245 |
1 |
4 |
|a The horizontal society /
|c Lawrence M. Friedman.
|
| 264 |
|
1 |
|a New Haven, Conn. :
|b Yale University Press,
|c [1999]
|
| 264 |
|
4 |
|c ©1999
|
| 300 |
|
|
|a x, 310 pages ;
|c 24 cm.
|
| 336 |
|
|
|a text
|b txt
|2 rdacontent
|
| 337 |
|
|
|a computer
|b c
|2 rdamedia
|
| 338 |
|
|
|a online resource
|b cr
|2 rdacarrier
|
| 504 |
|
|
|a Includes bibliographical references (pages 251-298) and index.
|
| 533 |
|
|
|a Electronic reproduction.
|b Boulder, Colo. :
|c NetLibrary,
|d 2001.
|n Available via World Wide Web.
|n Access may be limited to NetLibrary affiliated libraries.
|
| 500 |
|
|
|a Electronic resource.
|
| 650 |
|
0 |
|a Group identity.
|0 http://id.loc.gov/authorities/subjects/sh85057485
|
| 650 |
|
0 |
|a Ethnicity.
|0 http://id.loc.gov/authorities/subjects/sh85045187
|
| 650 |
|
0 |
|a Social values.
|0 http://id.loc.gov/authorities/subjects/sh85124083
|
| 650 |
|
0 |
|a Social history
|y 20th century.
|0 http://id.loc.gov/authorities/subjects/sh85123956
|
| 655 |
|
7 |
|a Electronic books.
|2 local
|
| 710 |
2 |
|
|a NetLibrary, Inc.
|0 http://id.loc.gov/authorities/names/no99080690
|
| 776 |
1 |
|
|c Original
|z 0300075456
|w (DLC) 98031594
|w (OCoLC)39982225
|
| 856 |
4 |
1 |
|u https://proxy.library.tamu.edu/login?url=http://www.netLibrary.com/urlapi.asp?action=summary&v=1&bookid=53029
|z Connect to the full text of this electronic book
|t 0
|
| 994 |
|
|
|a X0
|b IIC
|
| 999 |
|
|
|a MARS
|
| 999 |
f |
f |
|s 484620d0-c670-3b98-9256-97ceba03590d
|i bb99efa2-3c8a-36de-9f28-76f119fe5d53
|t 0
|
| 952 |
f |
f |
|a Texas A&M University
|b College Station
|c Electronic Resources
|d Available Online
|t 0
|e HM131 .F736 1999eb
|h Library of Congress classification
|
| 998 |
f |
f |
|a HM131 .F736 1999eb
|t 0
|l Available Online
|